Ťažba soli na východnom Slovensku sa bude rozširovať

Vláda SR schválila vládnu garanciu na úver pre spoločnosť Solivary, a. s. Prešov, ktorý poskytnú zahraničné banky. Podnik plánuje výstavbu nových závodov. Viac ako polovica produkcie sa exportuje. Nové podnikateľské aktivity. Privatizačný projekt zamestnancov v apríli na FNM. Vybrané ukazovatele Sol...

Descrizione completa

Salvato in:
Dettagli Bibliografici
Autore principale: Lajčiaková, D.
Natura: Capitolo di libro
Lingua:slovacco
Soggetti:
Tags: Aggiungi Tag
Nessun Tag, puoi essere il primo ad aggiungerne!!

MARC

LEADER 00000naa a2200000 4500
001 r021271
005 20230921074156.5
041 0 |a slo 
044 |a SK 
245 1 0 |a Ťažba soli na východnom Slovensku sa bude rozširovať  |c D. Lajčiaková 
520 |a Vláda SR schválila vládnu garanciu na úver pre spoločnosť Solivary, a. s. Prešov, ktorý poskytnú zahraničné banky. Podnik plánuje výstavbu nových závodov. Viac ako polovica produkcie sa exportuje. Nové podnikateľské aktivity. Privatizačný projekt zamestnancov v apríli na FNM. Vybrané ukazovatele Solivarov, a.s. Prešov. 
610 2 0 |a Slovensko 
610 2 0 |a Solivary, a.s. Prešov 
610 2 0 |a ťažba nerastov 
610 2 0 |a podnik veľký 
610 2 0 |a soľ 
610 2 0 |a úver 
610 2 0 |a úver bankový 
610 2 0 |a privatizácia 
610 2 0 |a výsledok hospodársky 
100 1 |a Lajčiaková, D.